Paroles - que tout s'danse Noé Preszow - Statistiques

Statistiques générales
  • Ce quiz a été pris 12 fois
  • Le résultat moyen est 175 sur 271
Statistiques - réponses
Hint Réponse % Correct
à
100%
de
100%
dis
100%
d'urgence
100%
et
100%
Couplet 1 | Couplet 2 je
100%
la
100%
le
100%
l'errance
100%
l'état
100%
me
100%
même
100%
que
100%
s'danse
100%
se
100%
solitude
100%
taire
100%
tout
100%
tu
100%
comme
86%
dans
86%
haine
86%
longtemps
86%
pour
86%
siège
86%
te
86%
tous
86%
ça
71%
ce
71%
des
71%
dois
71%
faire
71%
gêne
71%
il
71%
j'ai
71%
l'absence
71%
les
71%
m'dis
71%
mon
71%
pas
71%
qui
71%
ses
71%
tes
71%
aimer
57%
amours
57%
au
57%
derrière
57%
devant
57%
dire
57%
enterrées
57%
fait
57%
ma
57%
mes
57%
mortes
57%
nous
57%
on
57%
ou
57%
57%
plus
57%
quand
57%
sais
57%
sous
57%
su
57%
voir
57%
ami
43%
avoir
43%
beaucoup
43%
bois
43%
cette
43%
chose
43%
danser
43%
d'ennemis
43%
dirait
43%
faut
43%
l'capitalisme
43%
m'être
43%
moi
43%
n'a
43%
ne
43%
oublié
43%
personne
43%
peu
43%
pourquoi
43%
prendre
43%
qu'elle
43%
quelque
43%
rendre
43%
sait
43%
t'avais
43%
temps
43%
t'offrir
43%
un
43%
vie
43%
yeux
43%
anonymes
29%
bras
29%
chagrin
29%
comprendre
29%
contempler
29%
contemporains
29%
coupe
29%
crimes
29%
dispute
29%
encore
29%
époque
29%
fera
29%
frissonner
29%
fuir
29%
gamin
29%
honte
29%
insistes
29%
j'suis
29%
l'autre
29%
l'eau
29%
lettres
29%
leur
29%
l'héroïsme
29%
lutte
29%
m'accusent
29%
mater
29%
matin
29%
mémoire
29%
m'en
29%
m'faut
29%
m'inventer
29%
miroirs
29%
monte
29%
mystère
29%
n'sort
29%
parole
29%
partout
29%
percher
29%
péter
29%
planque
29%
promenade
29%
provoque
29%
rendez-vous
29%
résiste
29%
ressentir
29%
rien
29%
rire
29%
s'approche
29%
scoop
29%
silence
29%
subliment
29%
surchargée
29%
s'voit
29%
t'revient
29%
trop
29%
t'souviens
29%
vieillard
29%
zoner
29%
demandes
14%
écouter
14%
explorer
14%
lire
14%
peux
14%
sauter
14%
refrain refrain
0%
Aucun quiz correspondant
Distribution des résultats
% des personnes avec chaque résultat
Percentile par nombre de réponses
Votre historique - résultats
Vous n’avez pas pris ce quiz